000 00719nam a2200241Ia 4500
003 OSt
005 20220928123945.0
006 a|||||r|||| 00| 0
007 ta
008 220927b |||||||| |||| 00| 0 eng d
024 _a115902
037 _bGift, 28/05/2012,
_cTextual
040 _aSDCL
_cSDCL
_beng
041 _2eng
_aeng
082 _aV42:192(C9B3)'P, Q2
100 _aSikka Pawan
_9410552
245 0 _aNuclear crises in Japan
_b Lessons for India.
260 _aNew Delhi
_bUppal Publishing House
_c2012
300 _axv,274p
_ccm.
650 _aBusiness Economics
_9391653
942 _hV42:192(C9B3)'P, Q2
_cTEXL
_2CC
999 _c775584
_d775584